000 12225nam a22006977a 4500
005 20080625141927.0
008 080625t xxu||||| |||| 00| 0 hin d
010 _aHIN-83633 B-303570-606
020 _a9788190461580
_c200.00
035 _aHN-55979 B-303570-606
037 _bपु.प्र.अ.प्र./प्रका
040 _aDPL
_bHN
082 _a500
100 _aगुप्ता, मुकेश
_926769
245 _aसामान्य एवं दैनिक विज्ञान /
_cमुकेश गुप्ता
246 _aSamanya evam dainik vigyan
_bby Mukesh Gupta
260 _aजयपुर
_bरवि बुक डिस्ट्रीब्यूटर्स
_c2007
270 _a3795, मालपानी भवन बढ़ का कुआँ, विष्णु मार्ग, गणगौरी बाजार
_bजयपुर
_e2
300 _a204पृ
_c22सेमी(सजिल्द)
650 _aScience
_926770
942 _cHN
_2ddc
_h500
_mगुप्तामु
999 _c13999
_d13999